000 00907nam a2200253 a 4500
001 BRCA_4866
005 20190320204833.0
008 141010c1966----it-ao#####---#000-0#ita-#
041 _aita
044 _ait
050 4 _aPG7297
_b.P84 1966
245 1 0 _aPuglia
_ca cura di Franco Biancofiore... [et al.] ; representazione di S.E. Aldo Moro.
260 _aItalia
_bElecta
_c1966
300 _a571 p.
_bil. (algunas a color), 145 láminas
440 0 _aBanca Nacionale del Laboro
_912313
500 _aIncluye índice de ilustraciones, índice de nombres de personas, índice de lugares y referencias fotográficas
500 _aColección de Sonia Corcuera de Mancera
500 _aEstado físico: caja y lomo deteriorado
651 4 _aPuglia
_vCatálogos
_xarte e historia
_zItalia
_912314
700 1 _aMoro, Aldo
_912315
700 1 _aBiancofiore, Franco
_912316
902 _aDSC
942 _2lcc
_cB
999 _c4560
_d4560